Loading...
Fine Arts - Classical Music | 0 | 15 | 0 | 2 | 150 | 12 | 103.87 | 2 | 5 |
Science - Other Science | 0 | 7 | 0 | 1 | 70 | 52 | 100.14 | 1 | 1 |
Science - Chemistry | 0 | 6 | 0 | 0 | 60 | 59 | 91.67 | 0 | 1 |
Philosophy | 0 | 5 | 0 | 0 | 50 | 72 | 99.40 | 0 | 2 |
Any History | 0 | 5 | 0 | 2 | 50 | 87 | 112.00 | 0 | 0 |
Science - Physics | 0 | 5 | 2 | 0 | 40 | 68 | 90.00 | 0 | 1 |
History - American History | 0 | 3 | 0 | 0 | 30 | 97 | 105.00 | 0 | 1 |
Science - Biology | 0 | 3 | 0 | 0 | 30 | 85 | 102.67 | 0 | 0 |
Literature - European Literature | 0 | 2 | 0 | 0 | 20 | 132 | 134.50 | 0 | 0 |
Painting & Sculpture | 0 | 2 | 0 | 1 | 20 | 123 | 135.50 | 0 | 0 |
Fine Arts - Other Fine Arts | 0 | 2 | 0 | 0 | 20 | 43 | 60.50 | 1 | 1 |
Literature - World Literature | 0 | 2 | 1 | 0 | 15 | 124 | 127.00 | 0 | 0 |
Other Academic | 0 | 2 | 1 | 0 | 15 | 102 | 113.00 | 0 | 0 |
Religion | 0 | 2 | 1 | 0 | 15 | 75 | 87.50 | 0 | 0 |
History - European History | 0 | 1 | 0 | 0 | 10 | 138 | 138.00 | 0 | 0 |
Geography | 0 | 1 | 0 | 1 | 10 | 143 | 143.00 | 0 | 0 |
Social Science | 0 | 1 | 0 | 0 | 10 | 126 | 126.00 | 0 | 0 |
Current Events | 0 | 1 | 1 | 1 | 5 | 143 | 143.00 | 0 | 0 |
Literature - British Literature | 0 | 0 | 0 | 0 | 0 | 0.00 | 0 | 0 |